Polyatomic Ions (Type in Name) - Statistics

General Stats
  • This quiz has been taken 478 times
  • The average score is 14 of 25
Answer Stats
Hint Answer % Correct
BrO3(-) Bromate
77%
C2H3O2(-) Acetate
73%
ClO3(-) Chlorate
71%
NO3(-) Nitrate
70%
ClO2(-) Chlorite
68%
NO2(-) Nitrite
68%
NH4(+) Ammonium
66%
PO4(3-) Phosphate
66%
CO3(2-) Carbonate
65%
CN(-) Cyanide
65%
OH(-) Hydroxide
64%
PO3(3-) Phosphite
64%
SO4(2-) Sulfate
61%
CrO4(2-) Chromate
60%
ClO4(-) Perchlorate
60%
SO3(2-) Sulfite
59%
ClO(-) Hypochlorite
54%
IO3(-) Iodate
48%
Cr2O7(2-) Dichromate
46%
MnO4(-) Permanganate
41%
FO3(-) Fluorate
35%
HCO3(-) Bicarbonate
33%
O2(2-) Peroxide
31%
C2O4(2-) Oxalate
30%
SCN(-) Thiocyanate
22%
No matching quizzes found
Score Distribution
Percent of People with Each Score
Percentile by Number Answered
Your Score History
You have not taken this quiz